Pioneros : (Registro nro. 8064)

Detalles MARC
000 -LIDER
fixed length control field 01374nam a2200289 a 4500
001 - NÚMERO DE CONTROL
Identificador de número de control 000005650
003 - IDENTIFICACDOR DE NÚMERO DE CONTROL
control field DO-SdBNP
005 - DATE AND TIME OF LATEST TRANSACTION
control field 20241016091915.0
007 - CAMPOS FIJOS DE DESCRIPCIÓN FÍSICA
fixed length control field 000005650
008 - ELEMENTOS DE LONGITUD FIJA
fixed length control field 081212s2008 dr abc 000 0 spa d
020 ## - ISBN
International Standard Book Number 9789945162264
040 ## - FUENTE DE CATALOGACIÓN
Agencia que crea de manera original el registro BPMSU
Idioma de catalogación spa
Agencia que realiza la transcripción BPMSU
082 #4 - NÚMERO DE CLASIFICACIÓN DECIMAL DE DEWEY
Classification number 929.2
Item number G182p 2008
Edition number 22
100 1# - ASIENTO PRINCIPAL -- NOMBRE PERSONAL
Nombre personal Galván, William
245 10 - MENCIÓN DE TITULO
Título Pioneros :
Subtítulo de agricultores a comerciantes /
Mención de responsabilidad William Galván ; prólogo Antonio Lluberes.
260 ## - PUBLICACIÓN, DISTRIBUCIÓN, ETC. (PIE DE IMPRENTA)
Lugar de publicación, distribución, etc Santo Domingo :
Nombre del editor, distribuidor, etc. Editora Búho,
Fecha de publicación, distribución, etc 2008.
300 ## - DESCRIPCIÓN FÍSICA
Extensión 214 p. :
Otros detalles físicos il. , retrs., mapa. ;
Dimensiones 23 cm.
500 ## - NOTA GENERAL
Nota general Incluye datos biográficos del autor en la solapa de la cubierta
505 0# - NOTA DE CONTENIDO
Título Prólogo /
Mención de responsabilidad Antonio Lluveres -- I
Título Introducción y agradecimientos --
-- Años del abuelo --
-- Antes de los 20. Raíces, tabaco y viajes --
-- De los 20 a los 40. Hijos y cosas de mi abuela --
-- De los 40 a los 60. El desamparo y vida en Las Terrenas --
-- Años del hijo --
-- Nacido para trabajar --
-- El ventorrillo-pulpería --
-- Años de chófer --
-- Comercio y coco --
-- Empresario exportador.
590 ## - NOTA LOCAL
Texto de la nota local Inventariado, 2024/VM
650 #4 - ENCABEZAMIENTO DE MATERIA--TEMÁTICO
Término temático o nombre geográfico como elemento de entrada Agricultura
Subdivisión temática general Aspectos económicos
Subdivisión geográfica República Dominicana
650 #4 - ENCABEZAMIENTO DE MATERIA--TEMÁTICO
Término temático o nombre geográfico como elemento de entrada Agricultores
Subdivisión geográfica República Dominicana
650 #4 - ENCABEZAMIENTO DE MATERIA--TEMÁTICO
Término temático o nombre geográfico como elemento de entrada Comerciantes dominicanos
700 1# - ASIENTO SECUNDARIO -- NOMBRE PERSONAL
Nombre personal Lluberes, Antonio
Mención de responsabilidad prólogo
910 ## - VALIDACIÓN
Validación VMateo V. Control de calidad BPMSU
942 ## - ADDED ENTRY ELEMENTS (KOHA)
Source of classification or shelving scheme Dewey Decimal Classification
Koha item type Libros
Existencias
Withdrawn status Lost status Source of classification or shelving scheme Damaged status Not for loan Collection code Home library Current library Date acquired Total Checkouts Full call number Barcode Date last seen Price effective from Koha item type Copy number
    Dewey Decimal Classification     Colección Dominicana Biblioteca Pública Metropolitana Salomé Ureña Biblioteca Pública Metropolitana Salomé Ureña 08/05/2015   BPMSU CD 929.2 G182p 2008 BPMSU15080043 08/05/2015 08/05/2015 Libros  
    Dewey Decimal Classification     Colección Dominicana Biblioteca Pública Metropolitana Salomé Ureña Biblioteca Pública Metropolitana Salomé Ureña 11/10/2017   BPMSU CD 929.2 G182p 2008 BPMSU17110145 11/10/2017 11/10/2017 Libros e.2